Statistics for Largest Suburbs in the US

Click here to take the quiz!

General Stats

  • This quiz has been taken 50 times
  • The average score is 15 of 20

Answer Stats

StateCity% Correct
TexasArlington
98%
ColoradoAurora
96%
ArizonaMesa
89%
New JerseyNewark
89%
CaliforniaAnaheim
87%
NevadaHenderson
87%
New JerseyJersey City
87%
CaliforniaLong Beach
83%
NevadaNorth Las Vegas
83%
ArizonaChandler
79%
TexasPlano
74%
ArizonaGlendale
72%
CaliforniaRiverside
66%
CaliforniaSanta Ana
66%
CaliforniaIrvine
64%
ArizonaGilbert
62%
CaliforniaChula Vista
57%
TexasIrving
55%
VirginiaChesapeake
53%
TexasGarland
53%

Score Distribution

Percentile by Number Answered

Percent of People with Each Score

Your Score History

You have not taken this quiz